Management <Eine> verhaltenswissenschaftliche Einführung

Na minha lista:
Detalhes bibliográficos
Autor principal: Staehle, Wolfgang H.
Formato: Livro
Idioma:alemão
Publicado em: München Vahlen 1987
Edição:3. verb. und erw. Aufl.
Colecção:Vahlens Handbücher der Wirtschafts- und Sozialwissenschaften
Assuntos:
Tags: Adicionar Tag
Sem tags, seja o primeiro a adicionar uma tag!

MARC

LEADER 00000nam a2200000 4500
001 c019301
005 20221219111137.4
020 |a 3-8006-1239-9 
041 0 |a ger 
044 |a DE 
245 1 0 |a Management  |b <Eine> verhaltenswissenschaftliche Einführung  |c Wolfgang H. Staehle 
250 |a 3. verb. und erw. Aufl. 
264 1 |a München  |b Vahlen  |c 1987 
300 |a 822 s. 
490 1 |a Vahlens Handbücher der Wirtschafts- und Sozialwissenschaften 
830 0 |a Vahlens Handbücher der Wirtschafts- und Sozialwissenschaften 
610 2 0 |a manažment 
610 2 0 |a riadenie podnikové 
610 2 0 |a história 
610 2 0 |a vývoj 
610 2 0 |a industrializácia 
610 2 0 |a organizácie 
610 2 0 |a skupiny pracovné 
610 2 0 |a plánovanie 
610 2 0 |a kontroling 
610 2 0 |a integrácia 
610 2 0 |a riadenie 
610 2 0 |a koncepcie 
610 2 0 |a modely 
610 2 0 |a personál 
610 2 0 |a spolupracovníci 
610 2 0 |a kvalifikácia 
610 2 0 |a konflikty 
100 1 |a Staehle, Wolfgang H.